000 01503nam a2200337 i 4500
003 EG-GICUC
005 20260121101220.0
008 251113s1983 ua ||||f |||| 00| 0 ara d
017 _a1983/2596
040 _a EG-GICUC
_bara
_c EG-GICUC
_d EG-GICUC
_erda
041 _aara
082 0 4 _221
_a345
_bك م . م
092 0 4 _221
099 _alaw1 07 345 ك م . م 2 ed - 1983
100 0 _aكمال الوزان
_eمؤلف.
245 _aموسوعة القوانين الخاصة بالبلدية /
_cدكتور كمال الوزان
250 _aالطبعة الثانية
264 _a[مكان النشر غير معروف]
_b[اسم الناشر غير معروف]
_c1983.
300 _a579 صفحة
_c24 سم
336 _2rda content
_atext
337 _2rda media
_aComputer
338 _2rda carrier
_aOnline Resource
500 _aيشتمل علي ارجاعات ببليوجرافية
505 _aوتشمل قوانين : النظافة - إشغال الطرق والإعلانات - الباعة الجائلين - الرى والصرف - الرمق — الجبانات - المناجم والحاجر - تصريف المجارى - دليل التراخيص
546 _aالنص أغلبه باللغة العربية بعض النصوص الإنجليزية والفرنسية
650 1 _aالقانون الإداري
_2qrmak
651 1 _2qrmak
856 4 0 _uhttps://fll.law.cu.edu.eg/fulltext/bks/B07-00371.pdf
905 _a74
942 _2ddc
_n0
_cBK
_e21
999 _c43212
_d43212